000 00576nam a2200229Ia 4500
003 OSt
005 20220918205209.0
006 a|||||r|||| 00| 0
007 ta
008 220917b |||||||| |||| 00| 0 eng d
024 _a115,689
037 _cTextual
040 _aARTS
_cARTS
_beng
041 _2eng
_aeng
082 _aV5N49, K2
100 _aOsgood Robert Endicott
_9114408
245 0 _aNATO
_b the entangling alliance
260 _c1962
650 _aHISTORY
942 _hV5N49, K2
_cTEXL
_2CC
999 _c239018
_d239018